000 00504nam a2200121Ia 4500
008 171212s9999 xx 000 0 und d
020 _a9781921536601
245 _ceditor Bourke, R. Michael;Harwood, Tracy
_aFood and Agriculture in Papua New Guinea
260 _bANU E Press
_c2009
650 _aAgriculture -- Papua New Guinea; Agriculture -- Economic aspects -- Papua New Guinea; Agricultural productivity -- Papua New Guinea
650 _aSociology
856 _uwww.jstor.org/stable/10.2307/j.ctt24h987
999 _c351118
_d351118